Most and Least Densely Populated Countries - Statistics

General Stats
  • This quiz has been taken 14 times
  • The average score is 12 of 30
Answer Stats
Rank(World) Country % Correct
2nd Monaco
91%
229th Australia
82%
223rd Canada
82%
231st Mongolia
82%
3rd Singapore
82%
12th Vatican
82%
9th Bangladesh
64%
230th Namibia
64%
221st Botswana
55%
228th Iceland
55%
8th Malta
55%
6th Bahrain
45%
220th Kazakhstan
45%
226th Libya
45%
222nd Mauritania
45%
227th French Guiana
36%
4th Hong Kong
36%
225th Suriname
36%
224th Guyana
27%
1st Macau
27%
7th Maldives
27%
234th Greenland
18%
5th Gibraltar
9%
232nd Western Sahara
9%
11th Bermuda
0%
233rd Falkland Islands
0%
13th Guernsey
0%
14th Jersey
0%
15th Mayotte
0%
10th Sint Maarten
0%
No matching quizzes found
Score Distribution
Percent of People with Each Score
Percentile by Number Answered
Your Score History
You have not taken this quiz